[Event "Lichtenberger Sommer"]
[Site "Berlin"]
[Date "2009.08.16"]
[Round "3.1"]
[White "Schäfer, Erik"]
[Black "Meister, Jakob"]
[Result "0-1"]
[WhiteElo "2164"]
[BlackElo "2484"]
[PlyCount "86"]
[EventDate "2009.??.??"]
[WhiteTeam "USV TU Dresden"]
[BlackTeam "SK Zehlendorf e.V."]

1. e4 c5 2. Nf3 g6 3. d4 cxd4 4. Nxd4 Nc6 5. c4 Nf6 6. Nc3 Nxd4 7. Qxd4 d6 8.
Be2 Bg7 9. O-O O-O 10. Qe3 Be6 11. Bd2 Nd7 12. Rac1 a6 13. b3 Rb8 14. Nd5 b5
15. Nf4 b4 16. Nxe6 fxe6 17. Bg4 Nc5 18. f4 Qb6 19. Kh1 Qa5 20. Rc2 Kh8 21. Re1
Bh6 22. Qg3 e5 23. f5 Bxd2 24. Rxd2 Rf6 25. h4 Rg8 26. Qh3 Qd8 27. Bf3 gxf5 28.
exf5 Qf8 29. g4 h5 30. g5 Rxf5 31. Bxh5 Rf4 32. Rde2 Qc8 33. Qxc8 Rxh4+ 34. Rh2
Rxh2+ 35. Kxh2 Rxc8 36. Rf1 Rg8 37. g6 Kg7 38. Rf7+ Kh6 39. Rh7+ Kg5 40. Be2
Rxg6 41. Rxe7 Kf4 42. Rc7 Ke3 43. Bd1 Kd2 0-1

[Event "Lichtenberger Sommer"]
[Site "Berlin"]
[Date "2009.08.16"]
[Round "3.2"]
[White "Schatz, Dieter"]
[Black "Richter, Michael"]
[Result "0-1"]
[WhiteElo "2203"]
[BlackElo "2427"]
[PlyCount "76"]
[EventDate "2009.??.??"]
[WhiteTeam "SK Landau"]
[BlackTeam "Schachpinguine Berlin e.V."]

1. e4 d5 2. Nc3 d4 3. Nce2 e5 4. f4 exf4 5. Nxf4 Nf6 6. d3 g5 7. Nfe2 h6 8. Nf3
c5 9. g3 Nc6 10. Bg2 Bg7 11. O-O Be6 12. a3 Qd7 13. Kh1 Ng4 14. Neg1 O-O 15.
Qe2 f5 16. h3 Nf6 17. Nd2 Rae8 18. Kh2 Kh8 19. Rb1 a5 20. b3 Qc7 21. a4 Bf7 22.
Rxf5 Bg6 23. Qf2 Bxf5 24. exf5 Nh5 25. Be4 Nxg3 26. Kg2 Nxf5 27. Bxf5 Ne7 28.
Ne4 Nxf5 29. Qe1 Nd6 30. Nf3 Nxe4 31. dxe4 Qc6 32. Nd2 Rf4 33. Kg1 d3 34. cxd3
Bc3 35. Bb2 Bxb2 36. Rxb2 Qf6 37. Ra2 Qd4+ 38. Kg2 Ref8 0-1

[Event "Lichtenberger Sommer"]
[Site "Berlin"]
[Date "2009.08.16"]
[Round "3.3"]
[White "Von Herman, Ulf"]
[Black "Kapp, Martin"]
[Result "1-0"]
[WhiteElo "2400"]
[BlackElo "2134"]
[PlyCount "83"]
[EventDate "2009.??.??"]
[WhiteTeam "SK König Tegel 1949 e.V."]
[BlackTeam "TSV IFA Chemnitz"]

1. d4 Nf6 2. c4 c5 3. d5 e6 4. Nc3 exd5 5. cxd5 d6 6. e4 g6 7. f4 Bg7 8. Bb5+
Nfd7 9. Nf3 O-O 10. O-O Nb6 11. Bd3 Na6 12. f5 c4 13. Bb1 Nd7 14. Kh1 Qa5 15.
Be3 Nac5 16. Bc2 Ne5 17. Nxe5 Bxe5 18. Bd4 Nd3 19. Bxe5 Nxe5 20. f6 h6 21. h3
Kh7 22. Ne2 Bd7 23. Nd4 Qb6 24. Qd2 Rab8 25. Qc3 Rfc8 26. Rf4 Nd3 27. Bxd3 cxd3
28. Qxd3 Qxb2 29. Rb1 Qxa2 30. Rd1 Qb2 31. Qg3 Rc3 32. Nf3 Rc1 33. Rxc1 Qxc1+
34. Kh2 Kg8 35. Rh4 Rc8 36. Qxd6 Ba4 37. e5 Bd1 38. e6 Bxf3 39. Qd7 Rf8 40. e7
Qc8 41. Qxc8 Rxc8 42. gxf3 1-0

[Event "Lichtenberger Sommer"]
[Site "Berlin"]
[Date "2009.08.16"]
[Round "3.4"]
[White "Meißner, Hans-Jürgen"]
[Black "Carlstedt, Jonathan"]
[Result "1/2-1/2"]
[WhiteElo "2213"]
[BlackElo "2309"]
[PlyCount "91"]
[EventDate "2009.??.??"]
[WhiteTeam "SV Empor Berlin e.V."]
[BlackTeam "Hamburger SK von 1830 eV"]

1. d4 d5 2. c4 e6 3. Nc3 c5 4. e3 Nf6 5. Nf3 Nc6 6. a3 cxd4 7. exd4 g6 8. Bf4
Bg7 9. c5 O-O 10. Bb5 Ne4 11. Bxc6 bxc6 12. Qa4 Nxc3 13. bxc3 Bd7 14. O-O f6
15. Bd6 Re8 16. Rfe1 Bf8 17. Bxf8 Kxf8 18. Rab1 Qc7 19. Rb4 Rab8 20. Reb1 e5
21. Rxb8 Rxb8 22. Rxb8+ Qxb8 23. Qb4 Qe8 24. dxe5 fxe5 25. Qh4 Kg7 26. Qg3 e4
27. Qe5+ Qxe5 28. Nxe5 Be8 29. Ng4 h5 30. Ne3 Kf6 31. Nc2 Ke5 32. Nd4 Bd7 33.
Kf1 h4 34. Ke2 Kf4 35. Kd2 g5 36. Ne2+ Ke5 37. Ke3 Be8 38. Nd4 Bd7 39. Nb3 Be8
40. Na5 Bd7 41. Nb3 Be8 42. Nd4 Bd7 43. Nc2 Be8 44. Nb4 Bd7 45. Na6 Bc8 46. Nb4
1/2-1/2

[Event "Lichtenberger Sommer"]
[Site "Berlin"]
[Date "2009.08.16"]
[Round "3.5"]
[White "Muse, Drazen"]
[Black "Friedrich, Wiede"]
[Result "1-0"]
[WhiteElo "2374"]
[BlackElo "2087"]
[PlyCount "97"]
[EventDate "2009.??.??"]
[WhiteTeam "SK König Tegel 1949 e.V."]
[BlackTeam "USV Potsdam e.V., Abt. Schach"]

1. d4 Nf6 2. Nf3 g6 3. Bf4 Bg7 4. e3 O-O 5. h3 c5 6. c3 d5 7. Nbd2 Qb6 8. Qb3
Qxb3 9. axb3 cxd4 10. exd4 a6 11. Be2 Nc6 12. O-O Nh5 13. Bh2 Bh6 14. Rfe1 Nf4
15. Bb5 Be6 16. Bxc6 bxc6 17. Bxf4 Bxf4 18. b4 Ra7 19. Nb3 Rfa8 20. Ne5 Bxe5
21. Rxe5 Bf5 22. Nc5 f6 23. Re2 Kf7 24. g4 Bc8 25. Ra5 h5 26. f3 hxg4 27. hxg4
Rb8 28. b3 Rb5 29. Ra1 Rb8 30. Kg2 Bd7 31. Kg3 e5 32. dxe5 fxe5 33. Rxe5 Re8
34. Rxe8 Kxe8 35. Rxa6 Rc7 36. Ra8+ Kf7 37. Rh8 Kg7 38. Rd8 Bc8 39. Rd6 g5 40.
f4 gxf4+ 41. Kxf4 Kh7 42. g5 Kg7 43. Ne6+ Bxe6 44. Rxe6 c5 45. b5 c4 46. b6
Rf7+ 47. Rf6 cxb3 48. Rxf7+ Kxf7 49. b7 1-0

[Event "Lichtenberger Sommer"]
[Site "Berlin"]
[Date "2009.08.16"]
[Round "3.6"]
[White "Hertwig, Christopher"]
[Black "Bach, Matthias"]
[Result "0-1"]
[WhiteElo "2063"]
[BlackElo "2307"]
[PlyCount "84"]
[EventDate "2009.??.??"]
[WhiteTeam "SK König Tegel 1949 e.V."]
[BlackTeam "Hamburger SK von 1830 eV"]

1. e4 c5 2. Nf3 Nf6 3. e5 Nd5 4. Nc3 e6 5. Nxd5 exd5 6. d4 Nc6 7. dxc5 Bxc5 8.
Qxd5 Qb6 9. Bc4 Bxf2+ 10. Ke2 O-O 11. Rf1 Bc5 12. Ng5 Nd4+ 13. Kd1 Ne6 14. Ne4
Be7 15. Bd2 Qc7 16. Bd3 Qc6 17. c4 b5 18. Nf6+ Bxf6 19. exf6 g6 20. Bb4 Re8 21.
Qxc6 dxc6 22. Be7 bxc4 23. Bxc4 Nd4 24. Kd2 Be6 25. Bxe6 Nxe6 26. Rae1 Nc7 27.
Re5 Nd5 28. Rfe1 h6 29. h4 h5 30. Kd3 Rab8 31. b3 Nf4+ 32. Kc4 Ne6 33. a4 Rb7
34. Rd1 Nf8 35. Bxf8 Rxe5 36. Rd8 Rd5 37. Rc8 g5 38. Rxc6 Rd2 39. Bc5 gxh4 40.
a5 Rxg2 41. a6 Rd7 42. b4 h3 0-1

[Event "Lichtenberger Sommer"]
[Site "Berlin"]
[Date "2009.08.16"]
[Round "3.7"]
[White "Neumann, Joachim"]
[Black "Solonar, Stefan"]
[Result "1/2-1/2"]
[WhiteElo "2191"]
[BlackElo "2364"]
[PlyCount "38"]
[EventDate "2009.??.??"]
[WhiteTeam "Kieler SG von 1884 / Meerbauer"]
[BlackTeam "SC Heusenstamm"]

1. e4 d5 2. exd5 Qxd5 3. Nc3 Qd6 4. d4 c6 5. Be3 Nf6 6. Qd2 Bf5 7. Nf3 e6 8.
O-O-O Nbd7 9. Bf4 Qb4 10. Ne5 Nb6 11. f3 Nfd5 12. Nxd5 Nxd5 13. Qxb4 Bxb4 14.
Bd2 Bxd2+ 15. Rxd2 h5 16. Bd3 Bxd3 17. Nxd3 Rd8 18. Re1 O-O 19. c3 Nf6 1/2-1/2

[Event "Lichtenberger Sommer"]
[Site "Berlin"]
[Date "2009.08.16"]
[Round "3.8"]
[White "Püschel, Werner"]
[Black "Syska, Albert"]
[Result "1-0"]
[WhiteElo "2167"]
[BlackElo "2268"]
[PlyCount "49"]
[EventDate "2009.??.??"]
[WhiteTeam "SG Lasker Steglitz-Wilmersdorf"]
[BlackTeam "SK 1879 HD-Handschuhsheim"]

1. a3 f5 2. e4 d6 3. exf5 Bxf5 4. Nc3 e5 5. g4 Be6 6. Bg2 Nc6 7. d3 Qd7 8. h3
O-O-O 9. Bg5 Be7 10. Nf3 h6 11. Bd2 d5 12. Qe2 Nd4 13. Nxd4 exd4 14. Na2 Re8
15. O-O-O Nf6 16. Qf1 Qa4 17. f4 Bf7 18. g5 Nh5 19. Qf3 Kb8 20. Rde1 Qd7 21.
Qg4 Qd6 22. Rhf1 Bd8 23. h4 g6 24. Bh3 Ng7 25. Qc8# 1-0

[Event "Lichtenberger Sommer"]
[Site "Berlin"]
[Date "2009.08.16"]
[Round "3.9"]
[White "Klundt, Klaus"]
[Black "Hahlbohm, Matthias"]
[Result "1-0"]
[WhiteElo "2333"]
[BlackElo "2084"]
[PlyCount "71"]
[EventDate "2009.??.??"]
[WhiteTeam "vereinslos"]
[BlackTeam "TSG Oberschöneweide e.V."]

1. e4 c5 2. Nf3 d6 3. Nc3 a6 4. d4 cxd4 5. Nxd4 Nf6 6. f4 Qc7 7. Be2 e6 8. O-O
Nc6 9. Be3 Bd7 10. Nb3 b5 11. Bf3 Rc8 12. Qe2 Be7 13. a3 O-O 14. g4 Kh8 15. g5
Ng8 16. Bg2 Rfe8 17. Rf3 f6 18. h4 Bd8 19. Rd1 Qb8 20. Qd2 Be7 21. Rg3 Rcd8 22.
Kh2 a5 23. Bf3 b4 24. axb4 axb4 25. Ne2 Bf8 26. Rdg1 f5 27. exf5 exf5 28. Bd5
Re7 29. h5 Rde8 30. R1g2 Qc7 31. h6 Be6 32. Bxe6 Rxe6 33. Nbd4 Re4 34. Nxf5
gxh6 35. gxh6 Nxh6 36. Qd5 1-0

[Event "Lichtenberger Sommer"]
[Site "Berlin"]
[Date "2009.08.16"]
[Round "3.10"]
[White "Brüdigam, Martin"]
[Black "Handel, Horst"]
[Result "1-0"]
[WhiteElo "2249"]
[BlackElo "2127"]
[PlyCount "157"]
[EventDate "2009.??.??"]
[WhiteTeam "USV Potsdam e.V., Abt. Schach"]
[BlackTeam "SC Friesen Lichtenberg e.V."]

1. e4 e6 2. d4 d5 3. exd5 exd5 4. Bd3 Bd6 5. Qf3 c6 6. Ne2 Qf6 7. Bf4 Bxf4 8.
Qxf4 Qxf4 9. Nxf4 Nf6 10. Nd2 O-O 11. O-O-O b6 12. Rhe1 Bd7 13. f3 g5 14. Ne2
c5 15. c3 Nc6 16. h4 h6 17. hxg5 hxg5 18. Bc2 cxd4 19. Nxd4 Nxd4 20. cxd4 Rfe8
21. Nf1 Rxe1 22. Rxe1 Re8 23. Ne3 g4 24. Kd2 gxf3 25. gxf3 Be6 26. Bb3 Rd8 27.
Rc1 Rd6 28. Rc7 a5 29. Rc1 Kf8 30. Nd1 Ke7 31. Nc3 Rc6 32. Re1 Kd6 33. Rh1 Rc8
34. Rh6 Ke7 35. Ke3 Rg8 36. Kf2 Rb8 37. Ba4 Rc8 38. Bb5 Rb8 39. a3 Ra8 40. Rh1
Kd6 41. Ke3 Rg8 42. Ne2 Rc8 43. Bd3 Bd7 44. Kf4 Be6 45. Rh2 Nd7 46. Ke3 Nf6 47.
Rh4 Rg8 48. f4 Bd7 49. Rh6 Ke7 50. Rh1 Kd6 51. Kf2 Ne4+ 52. Bxe4 dxe4 53. Nc3
Bf5 54. Rh6+ Rg6 55. Rh5 Ke6 56. d5+ Kf6 57. d6 Ke6 58. Nb5 e3+ 59. Kxe3 Rg3+
60. Kd4 Bd3 61. Re5+ Kd7 62. Re7+ Kc6 63. Na7+ Kxd6 64. Nc8+ Kc6 65. Rxf7 b5
66. Ne7+ Kd6 67. Nd5 Bc4 68. Rf6+ Kd7 69. Ne3 Be2 70. Ra6 a4 71. Ra7+ Ke8 72.
Rc7 Rf3 73. Ke4 Rf2 74. Rc2 Rh2 75. Kd4 Kf7 76. Ke5 Rh5+ 77. f5 Bd3 78. Rc7+
Ke8 79. Ke6 1-0

[Event "Lichtenberger Sommer"]
[Site "Berlin"]
[Date "2009.08.16"]
[Round "3.11"]
[White "Ozeran, Volodymyr"]
[Black "Plump, Detlef"]
[Result "0-1"]
[WhiteElo "2064"]
[BlackElo "2256"]
[PlyCount "134"]
[EventDate "2009.??.??"]
[WhiteTeam "SK Dessau 93 e. V."]
[BlackTeam "Chessclub York"]

1. Nf3 Nf6 2. c4 e6 3. b3 c5 4. Bb2 Be7 5. Nc3 b6 6. g3 Bb7 7. Bg2 O-O 8. O-O
d5 9. cxd5 Nxd5 10. Nxd5 Bxd5 11. d4 Bf6 12. Qd2 cxd4 13. Bxd4 Nc6 14. Bxf6
Qxf6 15. Rac1 Rac8 16. Qe3 Qb2 17. Qd2 Qxd2 18. Nxd2 Nd4 19. Rxc8 Nxe2+ 20. Kh1
Bxg2+ 21. Kxg2 Rxc8 22. Nc4 Rd8 23. Re1 Nc3 24. Rc1 Nd5 25. Kf3 f6 26. Ne3 Nxe3
27. Kxe3 Rd7 28. Rc2 g5 29. g4 Kg7 30. Kf3 Kg6 31. Re2 Rd3+ 32. Kg2 e5 33. Rc2
Rd6 34. Rc8 Rd2 35. a4 Rd3 36. Rg8+ Kf7 37. Rb8 Rxb3 38. Rb7+ Kg6 39. Rxa7 h5
40. gxh5+ Kxh5 41. Ra6 f5 42. a5 b5 43. Re6 e4 44. h3 g4 45. hxg4+ Kxg4 46. a6
Ra3 47. Rb6 Ra2 48. a7 e3 49. a8=Q Rxa8 50. fxe3 Ra2+ 51. Kf1 Kf3 52. Kg1 Ra1+
53. Kh2 Rb1 54. Rf6 Ke4 55. Re6+ Kf3 56. Re5 b4 57. Rxf5+ Kxe3 58. Kg2 b3 59.
Rf3+ Ke2 60. Rf8 Kd2 61. Kf2 Rd1 62. Rd8+ Kc2 63. Rc8+ Kb1 64. Ke2 Rd7 65. Ra8
b2 66. Ke1 Rd4 67. Ke2 Kc2 0-1

[Event "Lichtenberger Sommer"]
[Site "Berlin"]
[Date "2009.08.16"]
[Round "3.12"]
[White "Sieglen, Joachim"]
[Black "Kapr, Klaus"]
[Result "1-0"]
[WhiteElo "2339"]
[BlackElo "2044"]
[PlyCount "75"]
[EventDate "2009.??.??"]
[WhiteTeam "SV Marbach"]
[BlackTeam "SC Friesen Lichtenberg e.V."]

1. d4 d5 2. c4 Nc6 3. Nc3 dxc4 4. d5 Ne5 5. f4 Ng4 6. e4 e5 7. f5 h5 8. Nf3 Bc5
9. Bxc4 Nf2 10. Qb3 Bb6 11. Rf1 Ng4 12. d6 N8h6 13. h3 Ne3 14. Bxe3 Bxe3 15.
Nd5 Bb6 16. Nxb6 axb6 17. Qb5+ Kf8 18. Qxe5 Qxd6 19. Qxd6+ cxd6 20. Rc1 Bd7 21.
Bd5 Re8 22. Kd2 Bc6 23. Bxc6 bxc6 24. Rxc6 Rxe4 25. Rxb6 Ke7 26. f6+ gxf6 27.
Kd3 f5 28. Nd4 Kf6 29. Nxf5 Ke5 30. Nxh6 Rd4+ 31. Kc3 Rc8+ 32. Kb3 Rd3+ 33. Kb4
Rd4+ 34. Kb5 Rc5+ 35. Ka6 Ra4+ 36. Kb7 Ke6 37. Nxf7 Rca5 38. Nd8+ 1-0

[Event "Lichtenberger Sommer"]
[Site "Berlin"]
[Date "2009.08.16"]
[Round "3.13"]
[White "Kachibadze, Georg"]
[Black "Zschäbitz, Klaus"]
[Result "1-0"]
[WhiteElo "2224"]
[BlackElo "2101"]
[PlyCount "39"]
[EventDate "2009.??.??"]
[WhiteTeam "SK König Tegel 1949 e.V."]
[BlackTeam "BSG 1827 Eckbauer e.V."]

1. e4 e6 2. d4 d5 3. Nc3 Bb4 4. exd5 exd5 5. Bd3 Nc6 6. a3 Bxc3+ 7. bxc3 Nge7
8. Qf3 Be6 9. Ne2 Qd7 10. O-O Bf5 11. Ng3 Bxd3 12. cxd3 O-O 13. Re1 Rfe8 14.
Be3 Na5 15. Ra2 b6 16. Rae2 Nb7 17. Bg5 f6 18. Bxf6 gxf6 19. Qxf6 Ng6 20. Nf5
1-0

[Event "Lichtenberger Sommer"]
[Site "Berlin"]
[Date "2009.08.16"]
[Round "3.14"]
[White "Neffe, Axel"]
[Black "Voigt, Ingo"]
[Result "1-0"]
[WhiteElo "2235"]
[BlackElo "2046"]
[PlyCount "53"]
[EventDate "2009.??.??"]
[WhiteTeam "Queer-Springer SSV Berlin"]
[BlackTeam "BSV 63 Chemie Weißensee"]

1. e4 c5 2. Nf3 d6 3. d4 cxd4 4. Nxd4 Nf6 5. Nc3 a6 6. f4 e5 7. Nf3 exf4 8. Bc4
Be6 9. Bxe6 fxe6 10. e5 Ng4 11. Bxf4 Qb6 12. Nd4 dxe5 13. Qxg4 exd4 14. Ne4 Nd7
15. O-O-O e5 16. Rhe1 h5 17. Qh3 Be7 18. Qg3 exf4 19. Qxg7 Qh6 20. Nd6+ Qxd6
21. Qxh8+ Nf8 22. Rxd4 Qc5 23. Re5 Qc6 24. Qg7 Ng6 25. Qg8+ Nf8 26. Rde4 O-O-O
27. Rc4 1-0

[Event "Lichtenberger Sommer"]
[Site "Berlin"]
[Date "2009.08.16"]
[Round "3.15"]
[White "Schneider, Hans-Joachim"]
[Black "Rietze, Clemens"]
[Result "0-1"]
[WhiteElo "2045"]
[BlackElo "2192"]
[PlyCount "84"]
[EventDate "2009.??.??"]
[WhiteTeam "Schachpinguine Berlin e.V."]
[BlackTeam "USV Potsdam e.V., Abt. Schach"]

1. e4 e5 2. Nf3 Nc6 3. Bb5 a6 4. Bxc6 dxc6 5. O-O Bg4 6. h3 h5 7. d3 Qf6 8. Be3
Bxf3 9. Qxf3 Qxf3 10. gxf3 Bd6 11. Nd2 Ne7 12. Rfb1 Ng6 13. Kf1 Ke7 14. Ke2 Nf8
15. Rg1 Ne6 16. a4 g6 17. Nc4 a5 18. c3 c5 19. Bd2 c6 20. h4 Bc7 21. Bg5+ f6
22. Be3 Kf7 23. b3 b5 24. Nb2 Rhb8 25. Rab1 f5 26. axb5 cxb5 27. d4 exd4 28.
cxd4 cxd4 29. Bd2 fxe4 30. fxe4 Nc5 31. Rbc1 Bb6 32. Nd3 Nxe4 33. Ne5+ Ke6 34.
Bf4 Kf5 35. Bh2 Re8 36. Rce1 d3+ 37. Kxd3 Rad8+ 38. Kc2 Rd2+ 39. Kc1 Rc8+ 40.
Nc4 Rxf2 41. Rgf1 bxc4 42. Rxf2+ Bxf2 0-1

[Event "Lichtenberger Sommer"]
[Site "Berlin"]
[Date "2009.08.16"]
[Round "3.16"]
[White "Kalinitschew, Sergey"]
[Black "Tong, Lukas Fabian Chuan"]
[Result "1-0"]
[WhiteElo "2488"]
[BlackElo "1869"]
[PlyCount "59"]
[EventDate "2009.??.??"]
[WhiteTeam "SK Zehlendorf e.V."]
[BlackTeam "SC Erlangen 48/88"]

1. d4 Nf6 2. c4 e6 3. Nf3 b6 4. g3 Bb7 5. Bg2 d5 6. cxd5 exd5 7. O-O Be7 8. Nc3
O-O 9. b3 c5 10. Bb2 Na6 11. Rc1 Rb8 12. e3 Re8 13. Ne5 Bd6 14. Nb5 cxd4 15.
Nxd6 Qxd6 16. Qxd4 Nc5 17. Rfd1 Ne6 18. Qh4 Nf8 19. Ng4 Nxg4 20. Qxg4 f6 21. h4
Ng6 22. h5 Ne5 23. Qf4 Qe6 24. Rc7 Red8 25. h6 Rd7 26. Rxd7 Nxd7 27. hxg7 Ne5
28. Rc1 Rc8 29. Rxc8+ Bxc8 30. Bxe5 1-0

[Event "Lichtenberger Sommer"]
[Site "Berlin"]
[Date "2009.08.16"]
[Round "3.17"]
[White "Petersen, Soren Boeck"]
[Black "Tiemer, Klaus"]
[Result "1-0"]
[WhiteElo "2263"]
[BlackElo "1883"]
[PlyCount "75"]
[EventDate "2009.??.??"]
[WhiteTeam "Danmarks Radio Skakklub"]
[BlackTeam "TSG Oberschöneweide e.V."]

1. e4 Nf6 2. e5 Nd5 3. d4 d6 4. Nf3 g6 5. Bc4 Nb6 6. Bb3 Bg7 7. Ng5 d5 8. Nc3
O-O 9. Be3 h6 10. Nf3 Nc6 11. Qd2 Kh7 12. h4 Na5 13. h5 Nac4 14. Bxc4 Nxc4 15.
hxg6+ fxg6 16. Qc1 Nxe3 17. Qxe3 Bf5 18. O-O-O h5 19. Kb1 e6 20. Nh4 Bh6 21.
Qe2 Kg7 22. f3 Bg5 23. g3 Bxh4 24. Rxh4 Qg5 25. Qh2 Rh8 26. Rh1 Qe3 27. g4 g5
28. gxf5 gxh4 29. Qxh4 Rh6 30. Qg3+ Kh8 31. Rg1 Rh7 32. fxe6 h4 33. Qg4 Qxg1+
34. Qxg1 Rg8 35. Qh2 h3 36. e7 c6 37. Ne2 Re8 38. Nf4 1-0

[Event "Lichtenberger Sommer"]
[Site "Berlin"]
[Date "2009.08.16"]
[Round "3.18"]
[White "Jabbusch, Burkhard"]
[Black "Giemsa, Stephan"]
[Result "0-1"]
[WhiteElo "2017"]
[BlackElo "2301"]
[PlyCount "100"]
[EventDate "2009.??.??"]
[WhiteTeam "FHSG Stralsund"]
[BlackTeam "SK König Tegel 1949 e.V."]

1. f4 d5 2. Nf3 h6 3. d4 Bf5 4. e3 e6 5. Bd3 Bxd3 6. Qxd3 c6 7. O-O Nf6 8. Nbd2
Nbd7 9. Ne5 Qc7 10. c3 Be7 11. Rf3 g5 12. a3 gxf4 13. exf4 Rh7 14. Nxd7 Qxd7
15. f5 O-O-O 16. fxe6 fxe6 17. b4 Rg7 18. Nf1 Rdg8 19. g3 h5 20. Bf4 Rg6 21.
Ra2 h4 22. Rg2 Bd6 23. Qe3 Ng4 24. Qd2 e5 25. dxe5 Nxe5 26. Bxe5 Bxe5 27. Qd3
hxg3 28. hxg3 Qg7 29. a4 Kb8 30. a5 a6 31. Kf2 Rg4 32. Ke1 Re4+ 33. Re2 Rc4 34.
Rc2 Re8 35. Kd1 Re4 36. Rg2 Bf6 37. Nd2 Re1+ 38. Kc2 d4 39. Qf5 Be5 40. Nc4 Bc7
41. g4 dxc3 42. Rxc3 Qd4 43. Qd3 Qf4 44. Qd2 Qe4+ 45. Kb3 Rb1+ 46. Ka3 Qe7 47.
Re3 Qf7 48. Rxe8+ Qxe8 49. Re2 Qh8 50. Nb2 Qg8 0-1

[Event "Lichtenberger Sommer"]
[Site "Berlin"]
[Date "2009.08.16"]
[Round "3.19"]
[White "Petkov, Peter"]
[Black "Reichenbach, Werner"]
[Result "0-1"]
[WhiteElo "1918"]
[BlackElo "2297"]
[PlyCount "116"]
[EventDate "2009.??.??"]
[WhiteTeam "vereinslos"]
[BlackTeam "SK Zehlendorf e.V."]

1. e4 g6 2. d4 Bg7 3. Nc3 d6 4. Be3 c6 5. Qd2 b5 6. Bd3 Nd7 7. f3 Ngf6 8. Nge2
Rb8 9. O-O O-O 10. Ng3 Qc7 11. Nce2 c5 12. c3 e5 13. b4 a5 14. a3 h5 15. d5 Nh7
16. Bh6 c4 17. Bc2 Bxh6 18. Qxh6 Qa7+ 19. Rf2 Ndf6 20. Qd2 Ra8 21. Nf1 Re8 22.
Qe3 Re7 23. bxa5 Qxa5 24. Nd2 Rea7 25. Rff1 Qc7 26. Rfb1 Bd7 27. a4 bxa4 28.
Rb4 Rb7 29. Rxb7 Qxb7 30. Nxc4 Qc7 31. Nb6 Ra6 32. Nxd7 Qxd7 33. Qd3 Qa7+ 34.
Kf1 Nd7 35. Qb5 Nc5 36. Nc1 Nf6 37. Rb1 Nfd7 38. Na2 Rb6 39. Qe2 Rxb1+ 40. Bxb1
Qb6 41. Nb4 Nb3 42. Ba2 Qc5 43. Qc2 Qb5+ 44. Ke1 Ndc5 45. Bxb3 axb3 46. Qb1 Qc4
47. Kd2 Kg7 48. Nd3 Na4 49. Qc1 Qb5 50. Qa3 b2 51. Nxb2 Nxb2 52. Qb4 Qd3+ 53.
Kc1 Nc4 54. Qb3 Qf1+ 55. Kc2 Qxg2+ 56. Kc1 Qg1+ 57. Qd1 Qxh2 58. Qd3 Qa2 0-1

[Event "Lichtenberger Sommer"]
[Site "Berlin"]
[Date "2009.08.16"]
[Round "3.20"]
[White "Baranowsky, Peter"]
[Black "Escher, Clemens"]
[Result "0-1"]
[WhiteElo "1935"]
[BlackElo "2193"]
[PlyCount "48"]
[EventDate "2009.??.??"]
[WhiteTeam "Sfrd. Berlin 1903 e.V."]
[BlackTeam "SK König Tegel 1949 e.V."]

1. e4 e6 2. d4 d5 3. Nc3 Nf6 4. e5 Nfd7 5. f4 c5 6. Nf3 Nc6 7. Be3 Be7 8. g3
Rb8 9. Qe2 Qb6 10. Qd2 Qxb2 11. Rb1 Qa3 12. Bb5 a6 13. Bxc6 bxc6 14. Rxb8 Nxb8
15. dxc5 Bxc5 16. Bxc5 Qxc5 17. Nd4 O-O 18. O-O Nd7 19. Kg2 Nb6 20. Rb1 Nc4 21.
Qd3 f6 22. exf6 gxf6 23. Rb8 e5 24. Nb3 Qd6 0-1